000 00292nam a22001337a 4500
008 180124b xxu||||| |||| 00| 0 eng d
020 _a0382100115
041 _aeng
080 _a37
100 _a47
101 _aEDU
245 _aSilver burdett& ginn english
_cGray,B.G
942 _2udc
_cBK
999 _c40838
_d40838